| 000 | 00911nac a22002291u 4500 | ||
|---|---|---|---|
| 008 | 150817b xxu||||| |||| 00| 0 eng d | ||
| 010 | _a 2006005781 | ||
| 020 | _a0132277816 | ||
| 035 | _a(OCoLC)ocm64427391 | ||
| 082 | 0 | 0 |
_a658.4038011 _bLAU |
| 100 | _aLaudon, Kenneth C., | ||
| 245 | 1 | 0 |
_aEssentials of business information systems / _cKenneth C. Laudon, Jane P. Laudon. |
| 250 | _a7th ed. | ||
| 260 |
_aUpper Saddle River, N.J. : _bPearson/Prentice Hall, _cc2007. |
||
| 300 |
_axxviii, 433, [38] p. : _bcol. ill. ; _c29 cm. |
||
| 500 | _aRev. ed. of: Essentials of management information systems : managing the digital firm / Kenneth C. Laudon, Jane P. Laudon. c2005. | ||
| 504 | _aIncludes bibliographical references (p. R-1 - R-10) and index. | ||
| 650 | 0 |
_aManagement information systems. _2BUEsh |
|
| 651 | _2BUEsh | ||
| 700 | 1 | _aLaudon, Jane Price. | |
| 942 |
_cTB _k658.4038011LAU _2ddc |
||
| 999 |
_c4025 _d4025 |
||